Sports Quiz

Random Sports or Football Quiz

Most HRs per Position per AL Team All Time Quiz Stats

 Plays Quiz not verified by Sporcle

Score 0/126 Timer 15:00
0 Plays Today
Position Player % Correct
ShortstopAlex Rodriguez (189)
91.1%
CatcherIvan Rodriguez (217)
91.1%
ShortstopAlex Rodriguez (156)
91.1%
Third BaseAlex Rodriguez (268)
91.1%
Designated HitterFrank Thomas (448)
89%
ShortstopCal Ripken Jr. (431)
87.5%
OutfieldTed Williams (521)
87.5%
OutfieldKen Williams (185)
87.5%
OutfieldBabe Ruth (659)
87.5%
ShortstopDerek Jeter (234)
87.2%
OutfieldReggie Jackson (269)
86.5%
Designated HitterEdgar Martinez (309)
85.2%
CatcherVictor Martinez (103)
84.9%
OutfieldManny Ramirez (236)
84.9%
Designated HitterDavid Ortiz (291)
84.9%
OutfieldGarrett Anderson (272)
84.7%
OutfieldBrady Anderson (209)
84.4%
First BaseLou Gehrig (493)
84.4%
OutfieldMickey Mantle (536)
84.2%
OutfieldKen Griffey Jr. (417)
83.9%
First BaseMark McGwire (363)
83.7%
Third BaseBrooks Robinson (268)
83.4%
CatcherYogi Berra (358)
83.4%
First BaseJim Thome (334)
83.2%
Third BaseGeorge Brett (317)
81.9%
OutfieldGeorge Bell (202)
79.6%
OutfieldJose Canseco (254)
78.3%
OutfieldAlbert Belle (242)
77.8%
OutfieldJim Rice (382)
76.3%
CatcherCarlton Fisk (214)
75.5%
Third BaseHarmon Killebrew (559)
75.3%
First BasePaul Konerko (358)
74.2%
OutfieldJoe DiMaggio (361)
74.2%
OutfieldKirby Puckett (207)
74%
OutfieldJuan Gonzalez (372)
73.5%
OutfieldCarl Yastrzemski (452)
73.5%
OutfieldTim Salmon (299)
73.2%
ShortstopAlex Gonzalez (83)
73.2%
OutfieldAl Kaline (399)
73%
OutfieldJay Buhner (307)
71.9%
First BaseEddie Murray (343
70.9%
First BaseRafael Palmeiro (321)
69.4%
Position Player % Correct
Third BaseTroy Glaus (182)
69.1%
ShortstopAlan Trammell (185)
69.1%
ShortstopMiguel Tejada (156)
68.9%
CatcherJason Varitek (182)
68.9%
Third BaseEric Chavez (230)
67.6%
Second BaseBret Boone (143)
67.1%
First BaseCarlos Pena (144)
66.6%
Second BaseLou Whitaker (244)
65.3%
OutfieldJoe Carter (203)
65.3%
First BaseKent Hrbek (293)
64.5%
First BaseCarlos Delgado (336)
64.5%
OutfieldCarl Crawford (104)
64%
Designated HitterJason Giambi (209)
63.5%
Second BaseFrank White (160)
63.3%
Designated HitterVladimir Guerrero (173)
60.7%
CatcherDan Wilson (88)
60.2%
First BaseMo Vaughn (230)
59.7%
OutfieldGreg Vaughn (60)
59.4%
Second BaseMichael Young (158)
58.9%
OutfieldJermaine Dye (164)
58.7%
First BaseAlvin Davis (160)
57.7%
OutfieldHarold Baines (221)
54.8%
Designated HitterHarold Baines (107)
54.8%
CatcherLance Parrish (212)
54.1%
Designated HitterTravis Hafner (175)
52.3%
CatcherTerry Steinbach (132)
52%
Designated HitterCecil Fielder (245)
52%
OutfieldBob Johnson (252)
51%
OutfieldMagglio Ordonez (187)
50.3%
OutfieldCarlos Beltran (123)
50.3%
OutfieldVernon Wells (223)
50.3%
First BaseMike Sweeney (197)
49.2%
First BaseNorm Cash (373)
49%
Second BaseBobby Grich (154)
46.7%
Second BaseCarlos Baerga (104)
44.4%
Third BaseRobin Ventura (171)
43.6%
First BaseWally Joyner (117)
43.4%
Second BaseBobby Doerr (223)
41.3%
OutfieldBrian Downing (222)
41.1%
Third BaseTravis Fryman (149)
40.1%
Designated HitterHal McRae (169)
40.1%
Second BaseBrian Roberts (81)
39%
Position Player % Correct
Second BaseAaron Hill (90)
38%
OutfieldAmos Otis (193)
37.2%
Second BaseChuck Knoblauch (43)
37.2%
OutfieldRuben Sierra (180)
37%
Third BaseAubrey Huff (128)
36.7%
ShortstopBen Zobrist (52)
36.2%
OutfieldB.J. Upton (67)
36.2%
OutfieldKirk Gibson (195)
35.7%
Third BaseKelly Gruber (114)
35.7%
Third BaseDean Palmer (154)
35.2%
OutfieldTony Oliva (220)
32.9%
CatcherMike Napoli (92)
31.6%
ShortstopRico Petrocelli (210)
30.9%
Second BaseMark Ellis (85)
28.8%
CatcherChris Hoiles (151)
28.8%
CatcherErnie Whitt (131)
28.6%
OutfieldFrank Howard (246)
28.3%
OutfieldWillie Horton (262)
28.1%
Third BaseAl Rosen (192)
27.8%
OutfieldKen Singleton (182)
27.8%
Second BaseTony Lazzeri (169)
27.8%
OutfieldDanny Tartabull (124)
26%
OutfieldRaul Ibanez (127)
23.5%
ShortstopJim Fregosi (115)
23%
CatcherToby Hall (44)
21.9%
OutfieldBob Allison (256)
20.9%
Designated HitterAdam Lind (80)
20.9%
Designated HitterHank Blalock (152)
20.4%
Second BaseJose Valentin (136)
18.4%
CatcherMike Macfarlane (103)
17.6%
OutfieldEarl Averill (226)
16.8%
Third BaseJim Presley (115)
16.6%
ShortstopRoy Smalley (110)
16.3%
Designated HitterMatt Stairs (122)
11.7%
CatcherEarl Battey (91)
9.7%
Third BaseFrank Malzone (133)
9.4%
ShortstopAngel Berroa (45)
9.2%
Second BaseJorge Cantu (44)
8.7%
Designated HitterJason Kubel (92)
7.9%
ShortstopJuan Uribe (87)
5.6%
Designated HitterJohnny Gomes (66)
5.6%
ShortstopWoody Held (130)
1.3%

You're not logged in!

Compare scores with friends on all Sporcle quizzes.
OR
Log In

Show Comments

Extras

Top Quizzes Today


Score Distribution

Your Account Isn't Verified!

In order to create a playlist on Sporcle, you need to verify the email address you used during registration. Go to your Sporcle Settings to finish the process.

Report this User

Report this user for behavior that violates our Community Guidelines.

Details: